000 00810cam a22002773a 4500
001 15178
003 PGUSA
005 20140828083326.0
008 050226s2005||||xxu|||||s|||||000 | eng d
040 _aPGUSA
_beng
042 _adc
050 4 _aF850.5
100 1 _aJón Ólafsson,
_d1850-1916
245 1 0 _aAlaska
_h[electronic resource] /
_cJón Ólafsson
260 _bProject Gutenberg,
_c2005
506 _aPublic domain in the USA.
516 _aElectronic text
653 _aIceland -- Emigration and immigration
653 _aImmigrants -- Alaska
653 _aAlaska -- Emigration and immigration
653 _aIcelanders -- Alaska
653 _aAlaska -- Description and travel
830 0 _aProject Gutenberg
_v15178
856 4 0 _uhttp://www.gutenberg.org/ebooks/15178
942 _cEB
999 _c244433
_d244433